Don't wake the yeti! / (Record no. 5922)

MARC details
000 -LEADER
fixed length control field 01624cam a2200469 i 4500
001 - CONTROL NUMBER
control field 5922
003 - CONTROL NUMBER IDENTIFIER
control field FISKH
005 - DATE AND TIME OF LATEST TRANSACTION
control field 20250422092844.0
008 - FIXED-LENGTH DATA ELEMENTS--GENERAL INFORMATION
fixed length control field 180305t20172017ilua b 000 1 eng d
010 ## - LIBRARY OF CONGRESS CONTROL NUMBER
LC control number 2017486430
020 ## - INTERNATIONAL STANDARD BOOK NUMBER
International Standard Book Number 9780807516904
020 ## - INTERNATIONAL STANDARD BOOK NUMBER
International Standard Book Number 9781407170428
035 ## - SYSTEM CONTROL NUMBER
System control number (OCoLC)ocn974674492
040 ## - CATALOGING SOURCE
Original cataloging agency BTCTA
Language of cataloging eng
Transcribing agency BTCTA
Description conventions rda
Modifying agency YDX
-- BDX
-- IMF
-- BKL
-- OI6
-- WIMVL
-- CHILD
-- NYP
-- TNH
-- OCLCQ
-- ILC
-- TXHUT
-- OCL
-- OCLCQ
-- GRC
-- OCLCO
-- IGA
-- DLC
-- DLC
050 ## - LIBRARY OF CONGRESS CALL NUMBER
Classification number PZ8.F88 D
082 ## - DEWEY DECIMAL CLASSIFICATION NUMBER
Classification number 823.92
100 1# - MAIN ENTRY--PERSONAL NAME
Personal name Freedman, Claire,
Relator term author.
245 10 - TITLE STATEMENT
Title Don't wake the yeti! /
Statement of responsibility, etc. Claire Freedman ; pictures by Claudia Ranucci.
260 ## - PUBLICATION, DISTRIBUTION, ETC.
Place of publication, distribution, etc. New York :
Name of publisher, distributor, etc. Scholastic,
Date of publication, distribution, etc. 2017
300 ## - PHYSICAL DESCRIPTION
Extent 48 unnumbered pages :
Other physical details color illustrations ;
Dimensions 28 cm
336 ## - CONTENT TYPE
Content type term text
Content type code txt
Source rdacontent
336 ## - CONTENT TYPE
Content type term still image
Content type code sti
Source rdacontent
337 ## - MEDIA TYPE
Media type term unmediated
Media type code n
Source rdamedia
338 ## - CARRIER TYPE
Carrier type term volume
Carrier type code nc
Source rdacarrier
500 ## - GENERAL NOTE
General note "First published in Great Britain in 2017 by Scholastic Children's Books"--Title page verso.
505 ## - FORMATTED CONTENTS NOTE
Formatted contents note R<br/>
520 ## - SUMMARY, ETC.
Summary, etc. Rhyming couplets describe the care and feeding of yetis.
521 8# - TARGET AUDIENCE NOTE
Target audience note 680<br/>
Source Lexile<br/>
521 8# - TARGET AUDIENCE NOTE
Target audience note R<br/>
Source Raz-Plus<br/>
650 #0 - SUBJECT ADDED ENTRY--TOPICAL TERM
Topical term or geographic name entry element Stories in rhyme.
650 #0 - SUBJECT ADDED ENTRY--TOPICAL TERM
Topical term or geographic name entry element Yeti
Form subdivision Juvenile fiction.
650 #0 - SUBJECT ADDED ENTRY--TOPICAL TERM
Topical term or geographic name entry element Pets
Form subdivision Juvenile fiction.
650 #0 - SUBJECT ADDED ENTRY--TOPICAL TERM
Topical term or geographic name entry element Friendship
Form subdivision Juvenile fiction.
650 #1 - SUBJECT ADDED ENTRY--TOPICAL TERM
Topical term or geographic name entry element Stories in rhyme.
650 #1 - SUBJECT ADDED ENTRY--TOPICAL TERM
Topical term or geographic name entry element Yeti
Form subdivision Fiction.
650 #1 - SUBJECT ADDED ENTRY--TOPICAL TERM
Topical term or geographic name entry element Pets
Form subdivision Fiction.
650 #1 - SUBJECT ADDED ENTRY--TOPICAL TERM
Topical term or geographic name entry element Friendship
Form subdivision Fiction.
700 1# - ADDED ENTRY--PERSONAL NAME
Personal name Ranucci, Claudia,
Dates associated with a name 1973-
Relator term illustrator.
906 ## - LOCAL DATA ELEMENT F, LDF (RLIN)
a 7
b cbc
c copycat
d 2
e ncip
f 20
g y-gencatlg
942 ## - ADDED ENTRY ELEMENTS (KOHA)
Source of classification or shelving scheme Dewey Decimal Classification
Koha item type Books
Suppress in OPAC No
Holdings
Withdrawn status Lost status Source of classification or shelving scheme Damaged status Not for loan Collection Home library Current library Shelving location Date acquired Total Checkouts Full call number Barcode Date last seen Copy number Price effective from Koha item type
    Dewey Decimal Classification     Juvenile Fiction Footprints International School Library Network Toul Kork Campus Footprints International School Library Network Toul Kork Campus TK Primary Library Room(4th Floor), Bookcase 5&6, Shelves 33-56, Orange Books 02/07/2025   FRE 823.92 PZ8.F88 D FISBT00034 02/07/2025 1 02/07/2025 Books
    Dewey Decimal Classification     Juvenile Fiction Footprints International School Library Network Toul Kork Campus Footprints International School Library Network Toul Kork Campus TK Primary Library Room(4th Floor), Bookcase 5&6, Shelves 33-56, Orange Books 04/22/2025   FRE 823.92 PZ8.F88 D FISBK073162 04/22/2025 2 04/22/2025 Books